Capitals AND Countries That Start With C - Statistics

General Stats
  • This quiz has been taken 15,392 times
  • The average score is 20 of 24
Answer Stats
Answer % Correct
Country Canada
94%
Country China
94%
Country Colombia
94%
Country Chile
93%
Country Czech Republic
92%
Country Cambodia
90%
Country Cameroon
90%
Country Chad
90%
Country Comoros
90%
Country Croatia
90%
Country Costa Rica
89%
Country Cuba
89%
Country Cyprus
87%
Country Cape Verde
86%
Capital Cairo
79%
Capital Canberra
78%
Capital Caracas
78%
Country Central African Republic
78%
Capital Copenhagen
75%
Capital Castries
73%
Capital Chisinau
73%
Capital Cape Town
69%
Capital Conakry
67%
Country Cote d'Ivoire
60%
No matching quizzes found
Score Distribution
Percent of People with Each Score
Percentile by Number Answered
Your Score History
You have not taken this quiz